Mastering landscape photography / (Record no. 30598)

MARC details
000 -LEADER
fixed length control field 01013pam a2200313 i 4500
001 - CONTROL NUMBER
control field 016802119
003 - CONTROL NUMBER IDENTIFIER
control field EG-ScBUE
005 - DATE AND TIME OF LATEST TRANSACTION
control field 20231022142918.0
008 - FIXED-LENGTH DATA ELEMENTS--GENERAL INFORMATION
fixed length control field 140515r20172014enka f 001 0 eng d
020 ## - INTERNATIONAL STANDARD BOOK NUMBER
International Standard Book Number 9781781450840 (pbk.)
035 ## - SYSTEM CONTROL NUMBER
System control number (UkOxU)019769584
040 ## - CATALOGING SOURCE
Original cataloging agency StDuBDS
Language of cataloging eng
Description conventions rda
Transcribing agency StDuBDS
Modifying agency UkOxU
-- Uk
-- EG-ScBUE
082 04 - DEWEY DECIMAL CLASSIFICATION NUMBER
Classification number 778.936
Edition number 22
Item number TAY
100 1# - MAIN ENTRY--PERSONAL NAME
Personal name Taylor, David,
Dates associated with a name 1969 April 13-
Relator term author.
245 10 - TITLE STATEMENT
Title Mastering landscape photography /
Statement of responsibility, etc David Taylor.
250 ## - EDITION STATEMENT
Edition statement Reprinted edition.
264 #1 - PUBLICATION, DISTRIBUTION, ETC. (IMPRINT)
Place of publication, distribution, etc Lewes, East Sussex, UK :
Name of publisher, distributor, etc Ammonite Press,
Date of publication, distribution, etc 2017.
300 ## - PHYSICAL DESCRIPTION
Extent 175 pages :
Other physical details illustrations (colour) ;
Dimensions 25 cm
336 ## - CONTENT TYPE
Content type term text
Source rdacontent
Content type code txt
336 ## - CONTENT TYPE
Content type term still image
Source rdacontent
Content type code txt
337 ## - MEDIA TYPE
Media type term unmediated
Source rdamedia
Media type code n
338 ## - CARRIER TYPE
Carrier type term volume
Source rdacarrier
Carrier type code nc
500 ## - GENERAL NOTE
General note Includes index.
650 #7 - SUBJECT ADDED ENTRY--TOPICAL TERM
Topical term or geographic name as entry element Landscape photography.
Source of heading or term BUEsh
653 ## - INDEX TERM--UNCONTROLLED
Arrived date list October2023
Resource For college Arts and Design
Specialization Fine Arts
655 ## - INDEX TERM--GENRE/FORM
Form subdivision Reading book
942 ## - ADDED ENTRY ELEMENTS (KOHA)
Source of classification or shelving scheme Dewey Decimal Classification
Koha item type Book - Borrowing
Holdings
Withdrawn status Lost status Source of classification or shelving scheme Damaged status Not for loan Collection code Home library Current library Shelving location Date acquired Source of acquisition Cost, normal purchase price Serial Enumeration / chronology Total Checkouts Full call number Barcode Date last seen Cost, replacement price Price effective from Koha item type
    Dewey Decimal Classification     Baccah Central Library Central Library Second Floor 22/10/2023 Purchase 1063.00 37767   778.936 TAY 000056934 27/02/2024 1328.75 22/10/2023 Book - Borrowing